000 00415nam a2200157Ia 4500
008 240729s9999 xx 000 0 und d
022 _a2541-321X
245 0 _aScientific Dental Journal
260 _aIndia
260 _bWolters Kluwer Medknow Publications
650 _a Dentistry
650 _aMedicine
856 _uhttps://doaj.org/toc/5a10a4f5d640413785e6b811753c8544
942 _2ddc
942 _cDOAJEJ
999 _c69738
_d69738
945 _a1
_bMadushi Gamage
_c1
_dMadushi Gamage